• 首页
  • 本馆介绍
  • 公告通知
  • 最新文献
  • 馆藏检索
  • 电子资源
  • 读者导购
  • 参考咨询
  • 我的图书馆
  • 登录
  • 详细信息显示
  • 放入我的书架
  • 预约/预借图书
  • 作者相关作品
  • 分类相关作品
  • 丛书相关作品
  • 出版社相关作品

书目信息

  • 表格格式
  • 工作单格式
  • 卡片格式
书名: A real good holiday
作者: Hsu Ying ; [ill. by Hsiao Yu-lei and Ho Pao-chuan].
分册号:
分册名:
出版地: Peking :
 
出版社: Foreign Languages Press
出版时间: 1977.
页数: 255 p. :
开本: 19 cm.
丛书名:
中图分类号:
科图分类号:
其他分类号: H319.4
主题词:
电子资源:
000 00796cam 2200253 i 4504
001 E0760226477
005 20070227164609.60
008 031229s1977 cc a j 000 1 eng
010    @a78371461 //r83
020    @cCNY1.10.
040    @aDLC@cDLC@dMIA
041 1  @aengchi
090    @aK294/W26E
090    @aH319.4
099    @dH319.4@ex453
100 1  @aXu, Ying.
240 10 @aHsiang yang y鑥an ti ku shih.
245 12 @aA real good holiday / @cHsu Ying ; [ill. by Hsiao Yu-lei and Ho Pao-chuan].
250    @a1st ed.
260    @aPeking :@bForeign Languages Press,@c1977.
300    @a255 p. :@bill. ;@c19 cm.
500    @aTranslation of Hsiang yang y鑥an ti ku shih.
500    @aLabel mounted on p. [3] of cover: Universal Book Co., Hong Kong.
920    @a232010@z2
    
    A real good holiday / / Hsu Ying ; [ill. by Hsiao Yu-lei and Ho Pao-chuan].-1st ed.-Peking : : Foreign Languages Press, , 1977.
    255 p. : : ill. ; ; 19 cm.
    Translation of Hsiang yang y鑥an ti ku shih.-Label mounted on p. [3] of cover: Universal Book Co., Hong Kong.
    
    ISBN CNY1.10.
    
●
相关链接 在E读中查询图书 在五车中查询图书 在当当中查询图书 在豆瓣中查询图书


正题名:real good holiday     索取号:H319.4/x453         预约/预借

序号 登录号 条形码 馆藏地/架位号 状态 备注
1 01514   000447029   第四借阅区/ [索取号:H319.4/x453] 在馆    
2 01517   000447314   第四借阅区/ [索取号:H319.4/x453] 在馆    
3 01518   000447038   第四借阅区/ [索取号:H319.4/x453] 在馆    
4 01519   000447154   第四借阅区/ [索取号:H319.4/x453] 在馆    
5 01521   000447118   第四借阅区/ [索取号:H319.4/x453] 在馆    
6 01522   000447074   第四借阅区/ [索取号:H319.4/x453] 在馆    
7 01523   000447065   第四借阅区/ [索取号:H319.4/x453] 在馆    
8 1515   000447270   第四借阅区/ [索取号:H319.4/x453] 在馆    
9 1516   000447190   第四借阅区/ [索取号:H319.4/x453] 在馆    
10 1520   000447234   第四借阅区/ [索取号:H319.4/x453] 在馆    
唐山师范学院图书馆 欢迎您!
大连网信软件有限公司© 版权所有